| 000 | 01197cam a2200241 4500 | ||
|---|---|---|---|
| 001 | WB3931-29 | ||
| 008 | 030819n2003 000 0 eng u | ||
| 035 | _a(Sirsi) u123303 | ||
| 245 | _aEnvironmentally friendly farming in Scotland given more support | ||
| 260 | _c2003 | ||
| 490 |
_aScottish Executive News Release _v(SEEN589/2003) 18 August 2003, (4) |
||
| 520 | _aScottish farmers and crofters will receive further support from the Scottish Executive to help them protect Scotland's valuable natural heritage. Changes to the operation of the Rural Stewardship Scheme (RSS) will encourage collaborative applications and guarantee access to the RSS for Environmentally Sensitive Area (ESA) leavers. Further finance will be made available through the Organic Aid scheme to farmers wishing to convert to organic farming. http://www.scotland.gov.uk/pages/news/2003/08/SEEN589.aspx | ||
| 590 | _aWB | ||
| 650 | _aSCOTLAND | ||
| 650 | _aFARMERS | ||
| 650 | _aCROFTERS | ||
| 650 | _aORGANIC FARMING | ||
| 650 | _aRURAL STEWARDSHIP SCHEME | ||
| 650 | _aENVIRONMENTALLY SENSITIVE AREA SCHEME | ||
| 650 | _aORGANIC AID SCHEME | ||
| 690 | _aRURAL-AGRICULTURE AND FORESTRY | ||
| 942 | _n0 | ||
| 999 |
_c73241 _d73241 |
||